=LDR 00000nam 2200000 4500 =001 INLIS000000000014690 =005 20130612105953 =008 ***********************************Ind** =035 ##$$0010-061300000014690 =041 ##$$a Ind =082 ##$$a 657 =090 ##$$a 657, Mul a =100 ##$$a Mulyadi =245 ##$$a Aktivity-based cost system, Sistem informasi biaya untuk pengurangan biaya, Mulyadi =260 ##$$a 2003 $b Yogyakarta =300 ##$$a xxv,483 hlm, Ilus, 24 cm =650 ##$$a Akuntansi =850 ##$$a NBPNMAT